O papel do Ministério Público : (Record no. 23)

MARC details
000 -LÍDER
Campo Fixo de Controle 00695cam a2200229 a 4500
001 - NÚMERO DE CONTROLE
Campo de Controle 23
003 - IDENTIFICAÇÃO DO NÚMERO DE CONTROLE
Campo de Controle BR-CuiBMT
005 - DATA E HORA DA ÚLTIMA ATUALIZAÇÃO
Campo de Controle 20231107235515.0
008 - DADOS FIXOS
Dados Fixos 230731s2021 mgb 000 0 por d
020 ## - INTERNATIONAL STANDARD BOOK NUMBER
Nº do ISBN 9786555181777
040 ## - AGÊNCIA CATALOGADORA
Código da Agência Catalogadora BR-CuiBMT
Agência que transcreveu o registro BR-CuiBMT
080 ## - Nº DA CLASSIFICAÇÃO DECIMAL UNIVERSAL
Nº edição CDU 2007
Nº Class. CDU 347.963:336.14
090 ## - NÚMERO DE CHAMADA
Nº classificação 347.963:336.14
Cutter L557p
100 1# - ENTRADA PRINCIPAL -- AUTOR PESSOAL
Nome pessoal Lemos, Rubin
245 12 - TÍTULO PRINCIPAL
Título principal O papel do Ministério Público :
Subtítulo na concretização democrática do orçamento /
Indicação de responsabilidade Rubin Lemos.
260 ## - PUBLICAÇÃO, DISTRIBUIÇÃO, ETC.
Local de publicação Belo Horizonte :
Editora Fórum,
Data 2021.
300 ## - DESCRIÇÃO FÍSICA
N. páginas ou volumes 252 p. :
Ilustrações il. ;
Dimensões 22 cm
504 ## - NOTA DE BIBLIOGRAFIA, ETC.
Nota de bibliografia Inclui bibliografia.
650 ## - ASSUNTO TÓPICO
Cabeçalho tópico ou nome geográfico Direito financeiro
Subdivisão geral Orçamento público
650 ## - ASSUNTO TÓPICO
Cabeçalho tópico ou nome geográfico Ministério público
942 ## - ELEMENTOS DE ENTRADA ADICIONAIS (KOHA)
Fonte de classificação ou esquema de arquivamento Classificação Decimal Universal
Tipo de item do Koha Livros
Holdings
Estado: removido Estado: perdido Fonte de classificação ou esquema de arquivamento Estado: danificado Indisponível para empréstimo Localização permanente Localização atual Data de aquisição Total Checkouts Número de Chamada completo Código de barras Date last seen Número do exemplar Preço efetivo a partir de Tipo de item (Koha)
    Classificação Decimal Universal     Biblioteca da Escola Superior de Contas do TCE/MT Biblioteca da Escola Superior de Contas do TCE/MT 28/06/2023   347.963:336.14 L557p BIBTCEMT23070026 31/07/2023 Ex. 1 31/07/2023 Livros

Powered by Koha